000 00880nam a2200241 a 4500
001 000017632
003 OSt
005 20240412074248.0
008 100329s1959 dr 000 p spa d
040 _aDO-SdBNP
_bspa
_cBNPHU
082 7 4 _aBNPHU PD-RV 861.44
_bI12N
_222
100 1 _aNolasco, Ruth
_938441
245 1 0 _aSubstancia y expresión de la poesía de Juana de Ibarbourou /
_cRuth Nolasco.
260 _aCiudad Trujillo, República Dominicana :
_bImpresora Dominicana,
_c1959.
300 _a79 p. ;
_c22 cm.
504 _aIncluye referencias bibliográficas y notas al pie de las páginas.
504 _aIncluye bibliografías: p. 81
600 1 4 _aIBARBOUROU, JUANA DE,
_d1892 - 1979
_xCRÍTICA E INTERPRETACIÓN
_938442
650 0 _aPoesía dominicana
_966
650 0 _aLiteratura dominicana.
_967
910 _aValidado. Control de calidad MFF
942 _2ddc
_cLBS1
999 _c17157
_d17157